00946cam a2200217 a 45000010002000000030010000020050017000120080041000290200018000700400025000880800041001132450147001542460096003012600042003973000034004395040025004736500048004986500036005467000037005828560109006195BR-CuiBMT20231129071214.0230710s2013 mtba 000 0 por d a9788580090703 aBR-CuiBMTcBR-CuiBMT 22007a351.94:336.148x(817.2)x(091)00aCinquenta + 10 anos de história do Tribunal de Contas do Estado de Mato Grosso :b1953 - 2013 /cNeila Maria de Souza Barreto, organizadora.12a50 + 10 anos :bde história do Tribunal de Contas do Estado de Mato Grosso : 1953 - 2013. aCuiabá :bCarlini & Caniato,c2013. a344 p. :bil. color. ;c29 cm aInclui bibliografia. aTribunal de ContaszMato GrossoxHistória aTribunal de ContaszMato Grosso1 aBarreto, Neila Maria Souza4org.4 uhttps://www.tce.mt.gov.br/uploads/flipbook/50-10Anos_1953-2013/index.htmlyDisponível também online.